| 000 | 01112cam a2200265 4500 | ||
|---|---|---|---|
| 005 | 20161123100223.0 | ||
| 008 | 161123s2009 sp fr|||| 000 0 spa d | ||
| 020 | _a9788483559482 | ||
| 035 | _a(OCoLC)733844173 | ||
| 040 |
_aCO-BoUCM _bspa _cSandra Palacio _dSandra Palacio |
||
| 041 | 0 | _aspa | |
| 100 | 1 |
_aMoreno Fernández, Juan Ignacio _982027 |
|
| 245 | 1 | 3 |
_aLa responsabilidad patrimonial del Estado-legislador en materia tributaria y vías para reclamarla _cJuan Ignacio Moreno Fernández ; prólogo, Juan Martín Queralt |
| 260 |
_aCizur Menor (Navarra, España) _bAranzadi _bThomson Reuters _c2009 |
||
| 300 | _a272 páginas | ||
| 490 | 0 |
_aMonografías Aranzadi _v556 |
|
| 504 | _aIncluye referencias bibliográficas | ||
| 650 | 1 | 7 |
_aDerecho constitucional _zEspaña _935410 |
| 650 | 2 | 7 |
_aRecursos administrativos _zEspaña _982028 |
| 650 | 2 | 7 |
_aDerecho de integración _zEspaña _vJurisprudencia _912739 |
| 690 |
_aDerecho administrativo _912695 |
||
| 700 | 1 |
_aMartín Queralt, Juan _eprólogo _964801 |
|
| 942 |
_2DEWEY _cLIBRO _a8 _e1 _h342.088 _mM843rp |
||
| 999 |
_c305025 _d305025 |
||